[Event "Berlin Lichtenberger op 12th"]
[Site "Berlin"]
[Date "2013.08.21"]
[Round "5"]
[White "Schraepel, Manfred"]
[Black "Grassi, Fabrizio"]
[Result "1-0"]
[WhiteElo "1903"]
[BlackElo "1957"]
[PlyCount "135"]
[EventDate "2013.08.17"]
[EventType "swiss"]
[EventRounds "9"]
[EventCountry "GER"]
[SourceTitle "CBM 156 Extra"]
[Source "ChessBase"]
[SourceDate "2013.10.22"]
[SourceVersion "1"]
[SourceVersionDate "2013.10.22"]
[SourceQuality "1"]

1. d4 Nf6 2. Nf3 d5 3. e3 Bf5 4. Bd3 Bxd3 5. Qxd3 c6 6. 0-0 e6 7. b3 Nbd7 8. Nbd2 Bd6 9. Bb2 0-0 10. e4 dxe4 11. Nxe4 Nxe4 12. Qxe4 Nf6 13. Qe2 Nd5 14. g3 Qe7 15. c4 Nf6 16. Rad1 Rad8 17. Qc2 Rfe8 18. Rfe1 Bb4 19. Re2 h6 20. Ne5 Rc8 21. Nd3 a5 22. c5 Red8 23. a3 Bxa3 24. Bxa3 Rxd4 25. Bb2 Rd5 26. Qc3 Rcd8 27. Red2 Qd7 28. Kg2 Qe7 29. f3 Qd7 30. Qxa5 Qe7 31. Qc3 Qd7 32. b4 h5 33. Bc1 h4 34. Nf2 hxg3 35. hxg3 Qc7 36. Rxd5 Nxd5 37. Qe1 Ra8 38. Qd2 Qe5 39. Nd3 Qf5 40. g4 Qf6 41. Bb2 Qd8 42. Be5 f6 43. Bg3 e5 44. Nf2 Ra3 45. Nd3 Nc3 46. Rc1 Nb5 47. Rd1 Nc3 48. Nxe5 Qxd2+ 49. Rxd2 fxe5 50. Bxe5 Nd5 51. b5 Ne3+ 52. Kf2 Nc4 53. Rd8+ Kf7 54. bxc6 bxc6 55. Bd6 Ke6 56. Re8+ Kd5 57. Bf8 Ra2+ 58. Kg3 Ra7 59. Rd8+ Ke6 60. Bd6 Rb7 61. Kh4 Rf7 62. f4 Nxd6 63. Rxd6+ Ke7 64. Kg5 Rf8 65. Rxc6 Rd8 66. f5 Kf7 67. Rc7+ Kg8 68. Kg6 1-0

[Event "Berlin Lichtenberger op 11th"]
[Site "Berlin"]
[Date "2012.08.26"]
[Round "9"]
[White "Badestein, Hartmut"]
[Black "Grassi, Fabrizio"]
[Result "1/2-1/2"]
[WhiteElo "2099"]
[BlackElo "1933"]
[PlyCount "47"]
[EventDate "2012.08.18"]
[EventType "swiss"]
[EventRounds "9"]
[EventCountry "GER"]
[SourceTitle "CBM 150 Extra"]
[Source "ChessBase"]
[SourceDate "2012.10.19"]
[SourceVersion "1"]
[SourceVersionDate "2012.10.19"]
[SourceQuality "1"]

1. d4 d5 2. Nf3 Nf6 3. c4 e6 4. e3 a6 5. Nc3 dxc4 6. Bxc4 b5 7. Bd3 Bb7 8. 0-0 Nbd7 9. a4 b4 10. Ne2 Bd6 11. b3 e5 12. dxe5 Nxe5 13. Nxe5 Bxe5 14. Rb1 Qd5 15. f3 Rd8 16. Bc2 Bxh2+ 17. Kxh2 Qh5+ 18. Kg1 Rxd1 19. Bxd1 Qe5 20. Bc2 Nd5 21. e4 Nc3 22. Nxc3 Qxc3 23. Rf2 Qe1+ 24. Rf1 1/2-1/2